Random Countries in the Western Hemisphere - Statistics

General Stats
  • This quiz has been taken 47 times
  • The average score is 11 of 14
Answers on the Map
Answers color-coded by a green-red scale on the quiz's map according to % correct below.
 
Answer Stats
Answer % Correct
Canada
87%
Cape Verde
87%
Chile
84%
Dominican Republic
84%
United States of America
84%
Bahamas
82%
Portugal
82%
Panama
79%
Uruguay
79%
Ecuador
76%
Bolivia
74%
Nicaragua
74%
Suriname
74%
Venezuela
74%
No matching quizzes found
Score Distribution
Percent of People with Each Score
Percentile by Number Answered
Your Score History
You have not taken this quiz